San Marino - Statistics

Estatísticas Gerais
  • Esse quiz foi jogado 15 vezes
  • A pontuação média é 6 de 12
Estatísticas das Respostas
Hint Resposta % Correto
Qual é a sua capital? San Marino
100%
Qual é a sua moeda? Europ
93%
Onde fica? Europa
93%
Qual é o seu idioma? Italiano
93%
Qual é o desporto mais popular? Futebol
79%
Qual é a sua religião? Cristianismo
71%
Qual é a sua principal atividade económica? Turismo
50%
Qual é o seu ponto mais alto? Pico de la Rocca
7%
Qual é a sua cidade mais populosa? Serravalle
7%
Qual é a sua sobremesa típica? Torta Tre Monti
7%
Qual é a torre mais alta do país? Castello Della Guaita
0%
Em que torre podemos encontrar o Museu de Armas do país? De Lafratta
0%
Nenhum quiz correspondente encontrado
Distribuição das Pontuações
Porcentagem de Pessoas com Cada Pontuação
Percentil de Números Respondidos
Sua Pontuação Histórica
Você não jogou esse quiz